Statistics for Neutral Milk Hotel "In the Aeroplane Over the Sea" Lyrics

Click here to take the quiz!

General Stats

  • This quiz has been taken 109 times
  • The average score is 193 of 255

Answer Stats

Lyrics% Correct
a
100%
an
100%
be
100%
I
100%
in
100%
In
100%
the
100%
and
98%
And
98%
me
95%
to
95%
All
93%
all
93%
beautiful
93%
he
93%
so
93%
sea
92%
aeroplane
90%
have
90%
sweet
90%
We
90%
we
90%
What
90%
is
88%
on
88%
you
88%
found
87%
from
87%
From
87%
over
87%
sun
87%
as
85%
Soft
85%
that
85%
That
85%
this
85%
will
85%
face
83%
Hear
83%
of
83%
place
83%
circling
82%
eye
82%
her
82%
die
80%
here
80%
it
80%
round
80%
are
78%
ashes
77%
blink
77%
fly
77%
gone
77%
keep
77%
Let
77%
our
77%
day
75%
hold
75%
how
75%
How
75%
now
75%
Now
75%
see
75%
flash
73%
can
72%
could
72%
every
72%
one
72%
screen
72%
With
72%
with
72%
around
70%
But
67%
dream
67%
young
67%
close
65%
for
65%
Love
65%
thing
65%
through
65%
my
63%
us
63%
count
60%
lay
60%
arms
58%
at
58%
your
58%
Your
58%
cloud
57%
voice
57%
anything
55%
life
55%
remember
55%
There
55%
ghost
53%
music
53%
sounds
53%
strange
53%
tonight
53%
curious
52%
fingers
52%
mouth
52%
lights
50%
make
50%
move
50%
when
50%
muscles
48%
push
48%
trees
48%
would
48%
Anna's
47%
its
47%
out
47%
laughing
45%
loud
45%
reach
43%
street
43%
those
43%
bend
42%
ringing
42%
believe
40%
don't
40%
I'll
40%
keeping
40%
know
40%
meet
40%
notes
40%
where
40%
everyone
38%
long
38%
rolling
38%
smooth
38%
clothes
37%
I'm
37%
winter
37%
secrets
35%
ago
33%
Can't
33%
made
33%
sleep
33%
even
28%
his
25%
loved
25%
name
25%

Score Distribution

Percentile by Number Answered

Percent of People with Each Score

Your Score History

You have not taken this quiz